000 00899am a2200301a 44500
003 AR-BaBNM
005 20251128211041.0
008 302020s1996 #AR|||||||||||000 | ing||
020 _a0-15-501641-5
040 _cAR-BaBNM
100 1 _aWood, Nancy V.
245 1 0 _aCollege reading and study skills
_blearning, thinking, making connections
250 _a5ª ed.
260 _aFort Worth
_bHarcourt Brace College
_c1996
300 _a478 p.
_btablas, gráf.
500 _aContiene índice de nombres e índice temático
504 _aContiene referencias bibliográficas al pie de página
650 4 _aMETODOS DE ESTUDIO
650 4 _aESTUDIO INDIVIDUAL
650 4 _aRESUMENES
650 4 _aBIBLIOGRAFIA
650 4 _aBUSQUEDA DE INFORMACION
650 4 _aELABORACION DE INFORMES
650 4 _aVOCABULARIO
653 _aCOMPRENSION LECTORA
942 _cBK
998 _craquel
999 _c18011
_d18011